Application of microwave pre-treatment for enhanced enzymatic digestion of lignocellulosic biomass

Elmentve itt :
Bibliográfiai részletek
Szerzők: Jákói Zoltán
Agarwal Charu Atulkumar
Somfai Dávid Márton
Beszédes Sándor
Hodúr Cecilia
Dokumentumtípus: Könyv része
Megjelent: University of Szeged Szeged 2019
Sorozat:II. Sustainable Raw Materials Conference Book - International Project Week and Scientific Conference
mtmt:30735956
Online Access:http://publicatio.bibl.u-szeged.hu/16690
LEADER 00961naa a2200241 i 4500
001 publ16690
005 20230307135317.0
008 190906s2019 hu o 0|| zxx d
020 |a 9789633066720 
024 7 |a 30735956  |2 mtmt 
040 |a SZTE Publicatio Repozitórium  |b hun 
041 |a zxx 
100 1 |a Jákói Zoltán 
245 1 0 |a Application of microwave pre-treatment for enhanced enzymatic digestion of lignocellulosic biomass  |h [elektronikus dokumentum] /  |c  Jákói Zoltán 
260 |a University of Szeged  |b Szeged  |c 2019 
300 |a 6 
300 |a 261-266 
490 0 |a II. Sustainable Raw Materials Conference Book - International Project Week and Scientific Conference 
700 0 1 |a Agarwal Charu Atulkumar  |e aut 
700 0 1 |a Somfai Dávid Márton  |e aut 
700 0 1 |a Beszédes Sándor  |e aut 
700 0 1 |a Hodúr Cecilia  |e aut 
856 4 0 |u http://publicatio.bibl.u-szeged.hu/16690/1/APPLICATIONOFMICROWAVEPRE-TREATMENTFORENHANCED.pdf  |z Dokumentum-elérés